000 00530nam a2200193 a 4500
005 20230131091334.0
008 230131t2021 us ||||| |||| 00| 0 eng d
020 _a9798584596767
040 _aAKMAL
082 _a152.47 JON
090 _a152.47
_bJON
100 _aJones, Owen
_99496
245 _aAnger management :
_bcontrolling rage and frustration /
_cOwen Jones
260 _bMegan Publishing Services
_c2021
300 _a62p. :
_c20cm
599 _aDALAM PROSES
650 _aAnger management
_99497
942 _2ddc
_cBOOK
999 _c4968
_d4968